Research publications on dairy marketing economics, (Record no. 12373)

MARC details
000 -LEADER
fixed length control field 00777cam a2200229 4500
001 - CONTROL NUMBER
control field agr68000059
003 - CONTROL NUMBER IDENTIFIER
control field DLC
005 - DATE AND TIME OF LATEST TRANSACTION
control field 20260227111028.0
008 - FIXED-LENGTH DATA ELEMENTS--GENERAL INFORMATION
fixed length control field 700507s1967 dcu ab 000 0 eng c
010 ## - LIBRARY OF CONGRESS CONTROL NUMBER
LC control number agr68000059
040 ## - CATALOGING SOURCE
Original cataloging agency U.S. Nat'l Agr. Libr.
Transcribing agency DLC
Modifying agency DLC
050 00 - LIBRARY OF CONGRESS CALL NUMBER
Classification number Z5706.A1
Item number U535
070 0# - NATIONAL AGRICULTURAL LIBRARY CALL NUMBER
Classification number aZ5706.A2U5
082 00 - DEWEY DECIMAL CLASSIFICATION NUMBER
Classification number 016.6588/09/637
110 1# - MAIN ENTRY--CORPORATE NAME
Corporate name or jurisdiction name as entry element United States.
Subordinate unit Department of Agriculture.
-- Economic Research Service.
-- Dairy Group.
245 10 - TITLE STATEMENT
Title Research publications on dairy marketing economics,
Remainder of title an annotated bibliography.
260 ## - PUBLICATION, DISTRIBUTION, ETC.
Place of publication, distribution, etc. [Washington]
Date of publication, distribution, etc. 1967.
300 ## - PHYSICAL DESCRIPTION
Extent 31 p.
Dimensions 26 cm.
650 #0 - SUBJECT ADDED ENTRY--TOPICAL TERM
Topical term or geographic name entry element Dairy products
General subdivision Marketing
-- Bibliography.
650 #3 - SUBJECT ADDED ENTRY--TOPICAL TERM
Topical term or geographic name entry element Dairy products
General subdivision Marketing
-- Abstracts.
650 #3 - SUBJECT ADDED ENTRY--TOPICAL TERM
Topical term or geographic name entry element Dairy products
General subdivision Marketing
-- Bibliography.

No items available.

Powered by Koha